Statistics for Five Letter Countries

Click here to take the quiz!

General Stats

  • This quiz has been taken 606 times
    (399 since last reset)
  • The average score is 18 of 24

Answer Stats

Country% Correct
Japan
85%
Spain
85%
China
83%
Italy
79%
India
78%
Chile
77%
Egypt
77%
Tonga
77%
Yemen
77%
Haiti
75%
Palau
74%
Libya
73%
Nauru
73%
Ghana
71%
Samoa
71%
Nepal
70%
Qatar
70%
Syria
69%
Benin
68%
Niger
68%
Kenya
66%
Malta
66%
Sudan
65%
Gabon
61%

Score Distribution

Percentile by Number Answered

Percent of People with Each Score

Your Score History

You have not taken this quiz since the last reset